Fabià Puigserver / a cura de Guillem-Jordi Graells i Antoni Bueso
Publicado:
Barcelona :
Diputació de Barcelona : Fundació Teatre Lliure. Teatre Públic de Barcelona : Associació d' Espectadors del Teatre Lliure : Institut del Teatre ,
1996
Descripción Física:
349 p. : principalment il., col. ; 32 cm
MARC
| LEADER | 00000nam a2200000Ia 4500 | ||
|---|---|---|---|
| 001 | 11488 | ||
| 003 | BGR | ||
| 005 | 20260324175655.0 | ||
| 008 | 160829s1996 xx 000 0 cat d | ||
| 080 | |a B-1-14 | ||
| 245 | |a Fabià Puigserver / a cura de Guillem-Jordi Graells i Antoni Bueso | ||
| 260 | |a Barcelona : |b Diputació de Barcelona : |b Fundació Teatre Lliure. Teatre Públic de Barcelona : |b Associació d' Espectadors del Teatre Lliure : |b Institut del Teatre, |c 1996 | ||
| 300 | |a 349 p. : |b principalment il., col. ; |c 32 cm | ||
| 600 | 1 | 0 | |a Puigserver, Fabià, |d 1938-1991 |9 42698 |
| 610 | 2 | 0 | |a Teatre Lliure |9 54329 |
| 700 | |a Graells, Guillem-Jordi, |d 1950- |e editor literari |9 28834 | ||
| 700 | 1 | |a Bueso, Antoni |e editor literari |9 37429 | |
| 710 | 1 | |a Institut del Teatre (Barcelona, Catalunya) |9 52662 | |
| 710 | 2 | |a Fundació Teatre Lliure-Teatre Públic de Barcelona |9 54330 | |
| 710 | 2 | |a Associació d'Espectadors del Teatre Lliure |9 70484 | |
| 901 | |a Arxiu | ||
| 942 | |n 1 |2 udc |c MON | ||
| 952 | |0 0 |1 0 |4 0 |6 B114 |7 1 |9 47861 |a Arxiu |b Arxiu |d 2016-12-01 |l 0 |o B-1-14 |p 11488 |r 2016-12-01 00:00:00 |w 2016-12-01 |y ARXIU | ||
| 999 | |c 51661 |d 51661 | ||